Legal reasoning and legal theory

Αποθηκεύτηκε σε:
Λεπτομέρειες βιβλιογραφικής εγγραφής
Κύριος συγγραφέας: MacCormick, Neil
Μορφή: Βιβλίο
Γλώσσα:English
Δημοσίευση: Oxford : Clarendon Press, c1978
Σειρά:Clarendon law series
Θέματα:
Ετικέτες: Προσθήκη ετικέτας
Δεν υπάρχουν, Καταχωρήστε ετικέτα πρώτοι!

MARC

LEADER 00000nam a2200000 i 4500
001 1/67878
008 971203s1978 eng d
020 |a 0-19-876384-0 
035 |a ΠΑΡ-1997  |b 04/04  |c ΡΟΥΜΕΛΙΩΤΗΣ  |l 10030091 
040 |a GR-MY-UA  |b    |e aacr 
041 0 |a eng 
082 0 |a 340.1 
100 1 |a MacCormick, Neil. 
245 1 0 |a Legal reasoning and legal theory /  |c Neil MacCormick 
260 |a Oxford :   |b Clarendon Press,   |c c1978 
300 |a xxiii, 298 σ. 
490 1 |a Clarendon law series 
504 |a Περιλαμβάνει ευρετήριο 
650 0 0 |a Law  |x Methodology. 
830 0 |a Clarendon law series 
852 |a INST  |b CHIOS  |e 19971203  |h 340.1 MAC  |p 005200010267  |q 005200010267  |t BK  |y 0 
909 |a Χ  |b 050820 
922 |a 2ΕΛΗ  |b 199707  |c ΡΟΥΜΕΛΙΩΤΗΣ  |d ΚΩΣΤΑΡΑΚΗΣ